000 00360nam a2200157Ia 4500
005 20250425161432.0
008 250425s9999 xx 000 0 und d
041 _aspa
082 _aIBM4381
245 0 _aOPTIMIZACION DE PRODUCCION DE LOS CAMPOS
250 _aS.E.
260 _aS.L.
260 _aSin Pais
_bS.E.
_c1988
942 _c01
010 _a20262
999 _c209206
_d209206